000 00566nam a2200229Ia 4500
003 OSt
005 20220916111010.0
006 a|||||r|||| 00| 0
007 ta
008 220915b |||||||| |||| 00| 0 eng d
024 _a93206
037 _cTextbook
040 _beng
_aARTS
_cARTS
041 _aeng
082 _aU:468:N5, 122J4
100 _aPouquet J
245 0 _aLAfrique Equatorial Francaise et le cameroun
260 _c1964
650 _aGEOGRAPHY
942 _hU:468:N5, 122J4
_cTB
_2CC
999 _c102959
_d102959